[Event "Montreal Mercredi 02"]
[Site "Montreal"]
[Date "2016.03.02"]
[Round "3"]
[White "Boudreau, Daniel"]
[Black "Jacquet, Stephane"]
[Result "1-0"]
[WhiteElo "2119"]
[BlackElo "2060"]
[PlyCount "59"]
[EventDate "2016.02.17"]
[EventType "swiss"]
[EventRounds "5"]
[EventCountry "CAN"]
[SourceTitle "EXT 2022"]
[Source "ChessBase"]
[SourceDate "2021.10.06"]
[SourceVersion "1"]
[SourceVersionDate "2021.10.06"]
[SourceQuality "1"]

1. e4 d6 2. d4 Nf6 3. Nc3 g6 4. f4 Bg7 5. Nf3 0-0 6. Be3 Bg4 7. h3 Bxf3 8. Qxf3 e5 9. dxe5 dxe5 10. Rd1 Qe7 11. f5 Qb4 12. Bd2 Nc6 13. Bd3 Nd4 14. Qf2 gxf5 15. exf5 e4 16. Nxe4 Nxe4 17. Bxb4 Nxf2 18. Kxf2 Rfe8 19. Bc3 c5 20. Rhe1 b5 21. g4 Bf6 22. Kg2 b4 23. Bd2 Bh4 24. Rxe8+ Rxe8 25. c3 Ne2 26. Kf3 bxc3 27. bxc3 Ng3 28. Bf4 c4 29. Bxc4 Ne4 30. Rd7 1-0

[Event "Montreal Mercredi 02"]
[Site "Montreal"]
[Date "2016.02.24"]
[Round "2"]
[White "Gelet, Seymour"]
[Black "Boudreau, Daniel"]
[Result "1-0"]
[WhiteElo "2066"]
[BlackElo "2119"]
[PlyCount "97"]
[EventDate "2016.02.17"]
[EventType "swiss"]
[EventRounds "5"]
[EventCountry "CAN"]
[SourceTitle "EXT 2022"]
[Source "ChessBase"]
[SourceDate "2021.10.06"]
[SourceVersion "1"]
[SourceVersionDate "2021.10.06"]
[SourceQuality "1"]

1. d4 Nf6 2. c4 e6 3. Nf3 Bb4+ 4. Nbd2 d6 5. a3 Bxd2+ 6. Bxd2 Nbd7 7. Bg5 Qe7 8. e3 b6 9. Be2 h6 10. Bh4 Nf8 11. h3 Ng6 12. Bg3 Bb7 13. Qa4+ Nd7 14. 0-0 0-0 15. Rac1 a5 16. Nd2 e5 17. Bf3 Bxf3 18. Nxf3 e4 19. Nd2 f5 20. Rfe1 Nf6 21. c5 dxc5 22. dxc5 Ne5 23. Bxe5 Qxe5 24. Nc4 Qxc5 25. Nd2 Qd5 26. Red1 Rac8 27. Nf3 Qa2 28. Nd4 g6 29. b3 b5 30. Qxa5 Ra8 31. Qxb5 Qxa3 32. Rxc7 Qa6 33. Qb4 Nd5 34. Qc4 Qxc4 35. Rxc4 Nb6 36. Rc6 Nd7 37. Rxg6+ Kh7 38. Re6 Nc5 39. Re5 Nd3 40. Rxf5 Rg8 41. Rf7+ Kg6 42. Re7 Ra2 43. Rf1 Rf8 44. Rxe4 Nxf2 45. Re6+ Kg7 46. Re7+ Kg8 47. Ne6 Rf6 48. Nf4 Kf8 49. Re5 1-0

[Event "Montreal Mercredi 01"]
[Site "Montreal"]
[Date "2016.02.03"]
[Round "5"]
[White "Boudreau, Daniel"]
[Black "Lepine, Cedric"]
[Result "1/2-1/2"]
[WhiteElo "2135"]
[BlackElo "2078"]
[PlyCount "65"]
[EventDate "2016.01.06"]
[EventType "swiss"]
[EventRounds "5"]
[EventCountry "CAN"]
[SourceTitle "EXT 2022"]
[Source "ChessBase"]
[SourceDate "2021.10.06"]
[SourceVersion "1"]
[SourceVersionDate "2021.10.06"]
[SourceQuality "1"]

1. e4 Nf6 2. e5 Nd5 3. d4 d6 4. Nf3 dxe5 5. Nxe5 c6 6. Be2 Bf5 7. 0-0 Nd7 8. Nf3 e6 9. c4 Nb4 10. a3 Nc2 11. Ra2 c5 12. dxc5 Nxc5 13. Nc3 Nb3 14. Bf4 a6 15. g4 Qxd1 16. Bxd1 Bd3 17. Ne5 Bxf1 18. Bxc2 Nd4 19. Be4 Bh3 20. Bxb7 Rd8 21. Be3 Ne2+ 22. Kh1 Nxc3 23. Ra1 Bd6 24. Nc6 Rd7 25. Bxa6 Bxg4 26. Kg2 Ne2 27. c5 Bc7 28. f3 Bf5 29. Bxe2 Bd3 30. Bd1 0-0 31. b4 Ra8 32. Bb3 Bb5 33. Nd4 1/2-1/2

[Event "Montreal Mercredi 01"]
[Site "Montreal"]
[Date "2016.01.27"]
[Round "4"]
[White "Rodrigue Lemieux, Shawn"]
[Black "Boudreau, Daniel"]
[Result "1-0"]
[WhiteElo "2068"]
[BlackElo "2135"]
[PlyCount "81"]
[EventDate "2016.01.06"]
[EventType "swiss"]
[EventRounds "5"]
[EventCountry "CAN"]
[SourceTitle "EXT 2022"]
[Source "ChessBase"]
[SourceDate "2021.10.06"]
[SourceVersion "1"]
[SourceVersionDate "2021.10.06"]
[SourceQuality "1"]

1. e4 c5 2. Nf3 Nc6 3. Bb5 Nf6 4. Nc3 g6 5. 0-0 Bg7 6. Re1 0-0 7. d3 a6 8. Bxc6 dxc6 9. Be3 Nd7 10. Qd2 Re8 11. a4 Qa5 12. h3 e5 13. Ne2 Qc7 14. a5 Qd6 15. Bh6 Bh8 16. Qc3 Nf8 17. Bxf8 Rxf8 18. Nd2 Be6 19. Nc4 Bxc4 20. Qxc4 Bf6 21. Ra3 Bg5 22. Nc3 Qd4 23. Ra4 Rab8 24. Qb3 Qd6 25. Rc4 Bd8 26. Qa3 b6 27. axb6 Rxb6 28. Qxc5 Qxc5 29. Rxc5 Be7 30. Rxe5 Bd6 31. Ra5 Rxb2 32. Rxa6 Bb4 33. Na4 Rxc2 34. Rb1 c5 35. Rc6 Rd8 36. Rxb4 Rxd3 37. Rxc5 Ra2 38. Rd5 Rda3 39. Nc5 Ra1+ 40. Kh2 R3a2 41. Nd3 1-0

[Event "Montreal Mercredi 01"]
[Site "Montreal"]
[Date "2016.01.13"]
[Round "2"]
[White "Boudreau, Daniel"]
[Black "Lopez Linares, Lizandro Fernando"]
[Result "0-1"]
[WhiteElo "2135"]
[BlackElo "2226"]
[PlyCount "54"]
[EventDate "2016.01.06"]
[EventType "swiss"]
[EventRounds "5"]
[EventCountry "CAN"]
[SourceTitle "EXT 2022"]
[Source "ChessBase"]
[SourceDate "2021.10.06"]
[SourceVersion "1"]
[SourceVersionDate "2021.10.06"]
[SourceQuality "1"]

1. e4 e6 2. d4 d5 3. e5 c5 4. c3 Nc6 5. Nf3 Bd7 6. Be2 Rc8 7. 0-0 Nh6 8. a3 Nf5 9. b4 cxd4 10. cxd4 Qb6 11. Bb2 h5 12. Qd3 Be7 13. Rd1 g5 14. g4 hxg4 15. Ne1 Na5 16. Bxg4 Nc4 17. Bc1 Ba4 18. Bxf5 Bxd1 19. Qxd1 exf5 20. Nc3 Qh6 21. Nf3 Nb6 22. Nb5 f4 23. Kf1 Qh3+ 24. Ke1 g4 25. Nd2 Qg2 26. Qe2 Rxh2 27. Nf1 f3 0-1

[Event "Montreal Mercredi 10"]
[Site "Montreal"]
[Date "2015.11.11"]
[Round "5"]
[White "Giroux, Robert"]
[Black "Boudreau, Daniel"]
[Result "0-1"]
[WhiteElo "2015"]
[BlackElo "2057"]
[PlyCount "106"]
[EventDate "2015.10.14"]
[EventType "swiss"]
[EventRounds "5"]
[EventCountry "CAN"]
[SourceTitle "EXT 2022"]
[Source "ChessBase"]
[SourceDate "2021.10.06"]
[SourceVersion "1"]
[SourceVersionDate "2021.10.06"]
[SourceQuality "1"]

1. d4 Nf6 2. c4 e6 3. Nf3 d5 4. g3 Bb4+ 5. Bd2 a5 6. a3 Bxd2+ 7. Qxd2 0-0 8. Bg2 Ne4 9. Qc2 f5 10. Nc3 c6 11. e3 Nd7 12. 0-0 b6 13. cxd5 cxd5 14. Nb5 Ba6 15. Qa4 Ndc5 16. dxc5 Nxc5 17. Qd4 Bxb5 18. Qe5 Bxf1 19. Bxf1 Qf6 20. Rc1 Qxe5 21. Nxe5 a4 22. Bb5 g6 23. f4 Ra5 24. Be2 Kg7 25. Kf1 Kf6 26. Ke1 g5 27. Rc3 gxf4 28. exf4 Raa8 29. Bb5 Rfd8 30. Rc1 Rac8 31. Bd7 Nd3+ 32. Nxd3 Rxc1+ 33. Nxc1 Rxd7 34. Nd3 d4 35. Kd2 Rd5 36. Nb4 Rd6 37. Nd3 h5 38. Ke2 Rc6 39. Kd2 Rc8 40. Ne5 Rd8 41. Kd3 h4 42. gxh4 b5 43. Nf3 Rd5 44. h5 Rd8 45. h4 Rd5 46. Ne5 Rxe5 47. fxe5+ Kxe5 48. h6 Kf6 49. Kxd4 Kg6 50. h7 Kxh7 51. Kc5 f4 52. Kd4 Kh6 53. Ke4 e5 0-1

[Event "Montreal Mercredi 10"]
[Site "Montreal"]
[Date "2015.11.04"]
[Round "4"]
[White "Boudreau, Daniel"]
[Black "Cardin, Guillaume"]
[Result "1-0"]
[WhiteElo "2057"]
[BlackElo "2047"]
[PlyCount "89"]
[EventDate "2015.10.14"]
[EventType "swiss"]
[EventRounds "5"]
[EventCountry "CAN"]
[SourceTitle "EXT 2022"]
[Source "ChessBase"]
[SourceDate "2021.10.06"]
[SourceVersion "1"]
[SourceVersionDate "2021.10.06"]
[SourceQuality "1"]

1. e4 e5 2. Nc3 Nf6 3. Bc4 Bc5 4. f4 d6 5. Nf3 c6 6. d3 b5 7. Bb3 a5 8. a4 b4 9. fxe5 dxe5 10. Ne2 Qc7 11. Ng3 0-0 12. Qe2 Be6 13. Bxe6 fxe6 14. Be3 Nbd7 15. Bxc5 Nxc5 16. b3 Qb6 17. h3 Rad8 18. Rd1 Ncd7 19. Qf2 c5 20. 0-0 Qd6 21. Qe3 h6 22. Nd2 Nb6 23. Rf2 Qd4 24. Qe1 Rd7 25. Nf3 Qd6 26. Qe3 c4 27. bxc4 Nxc4 28. Qc1 Nb6 29. Qa1 Rc7 30. Qxe5 Qxe5 31. Nxe5 Rfc8 32. Rdd2 Nxa4 33. Nc4 Rc5 34. e5 Ne8 35. Ne4 Rd5 36. Rf1 Nc3 37. Nxc3 bxc3 38. Rdd1 Rcc5 39. Ra1 Nc7 40. Ra3 Na6 41. Rxc3 Rxe5 42. d4 Rxc4 43. Rxc4 Re2 44. c3 Ra2 45. Rc6 1-0

[Event "Montreal Mercredi 10"]
[Site "Montreal"]
[Date "2015.10.14"]
[Round "1"]
[White "Lepine, Cedric"]
[Black "Boudreau, Daniel"]
[Result "0-1"]
[WhiteElo "2109"]
[BlackElo "2057"]
[PlyCount "67"]
[EventDate "2015.10.14"]
[EventType "swiss"]
[EventRounds "5"]
[EventCountry "CAN"]
[SourceTitle "EXT 2022"]
[Source "ChessBase"]
[SourceDate "2021.10.06"]
[SourceVersion "1"]
[SourceVersionDate "2021.10.06"]
[SourceQuality "1"]

1. d4 Nf6 2. c4 e6 3. Nc3 Bb4 4. a3 Bxc3+ 5. bxc3 d6 6. f3 0-0 7. e4 e5 8. Bd3 Nc6 9. Ne2 b6 10. Bg5 Ba6 11. 0-0 Na5 12. f4 Bxc4 13. fxe5 dxe5 14. Bxc4 Nxc4 15. Qd3 b5 16. a4 c6 17. Rf5 Re8 18. axb5 cxb5 19. Raf1 Re6 20. d5 Rd6 21. Ng3 a5 22. Qe2 Raa6 23. Kh1 h6 24. Bxf6 Rxf6 25. Nh5 Rxf5 26. exf5 Qg5 27. Ng3 Qd2 28. Qe4 f6 29. Nh5 a4 30. h4 Ne3 31. Rb1 Qf2 32. d6 Rxd6 33. g3 Qxf5 34. Qxe3 0-1

[Event "Mercredi 2015.09.02 ABCD"]
[Site "Montreal"]
[Date "2015.09.16"]
[Round "3"]
[White "Boudreau, Daniel"]
[Black "Rodrigue Lemieux, Shawn"]
[Result "1/2-1/2"]
[WhiteElo "2006"]
[BlackElo "2004"]
[PlyCount "149"]
[EventDate "2015.09.02"]
[EventType "tourn"]
[EventRounds "5"]
[EventCountry "CAN"]
[SourceTitle "EXT 2019"]
[Source "ChessBase"]
[SourceDate "2018.10.10"]
[SourceVersion "1"]
[SourceVersionDate "2018.10.10"]
[SourceQuality "1"]

1. e4 c6 2. d4 d5 3. exd5 cxd5 4. c4 Nf6 5. Nc3 e6 6. Nf3 Be7 7. Bd3 0-0 8. 0-0 Nc6 9. a3 a6 10. c5 Qc7 11. Re1 Re8 12. Bg5 b6 13. b4 Bb7 14. Qd2 bxc5 15. bxc5 Rad8 16. Rab1 Bc8 17. Bf4 Qa5 18. Qc2 h6 19. Na4 Nd7 20. Bd2 Qc7 21. Nb6 Bf6 22. Nxd7 Rxd7 23. Bc3 Qf4 24. Bd2 Qc7 25. Bc3 Qf4 26. Bd2 Qc7 27. Be3 e5 28. dxe5 Nxe5 29. Nxe5 Bxe5 30. Bf4 Rde7 31. Rxe5 Rxe5 32. Bxe5 Rxe5 33. c6 Re6 34. Rc1 g6 35. h3 a5 36. Be2 Rd6 37. Bf3 Ba6 38. Bg4 Bc4 39. Bd7 Kh7 40. Qb2 Ba6 41. Re1 d4 42. Re7 Kg7 43. Re4 Qa7 44. Rf4 a4 45. Be8 f6 46. Qb4 Rd8 47. Bd7 Rf8 48. Rxd4 Rf7 49. Qxa4 Qc5 50. Rd1 Bb5 51. Qb4 Qc2 52. Re1 Bxc6 53. Bxc6 Qxc6 54. a4 Qa6 55. a5 Qb7 56. Qxb7 Rxb7 57. a6 Ra7 58. Re6 Kf7 59. Rb6 Ra8 60. Kh2 g5 61. Kg3 Kg6 62. Kg4 Rc8 63. Rb4 Rc3 64. f3 Ra3 65. Rb6 h5+ 66. Kg3 h4+ 67. Kf2 Ra2+ 68. Ke3 Rxg2 69. a7 Ra2 70. Rb7 Kf5 71. Rf7 Ke6 72. Rb7 Kf5 73. Rb5+ Ke6 74. Rb6+ Kf5 75. Rb5+ 1/2-1/2